Adivina el Futbolista #1 - Estadísticas

Estadísticas generales
  • Esta prueba ha sido intentada 146 veces
  • La puntuación promedio es 11 de 16
Estadísticas de respuestas
Imagen Respuesta % Correcto
Carles Puyol
98%
Arda Güler
97%
Mohamed Salah
87%
Rivaldo
83%
Diego Forlán
82%
Alexis Mac Allister
79%
Hugo Sanchez
77%
Jonathan David
74%
Jeremy Frimpong
72%
Dries Mertens
69%
Lothar Matthäus
63%
Alan Shearer
60%
David Trezeguet
50%
Shinji Kagawa
45%
Paolo Rossi
37%
Teófilo Cubillas
30%
No se encontraron pruebas coincidentes
Distribución de puntuación
Porcentaje de gente con cada puntuación
Porcentaje por número respondido
Historial de tus puntuaciones
No has intentado esta prueba.